000 00984nam0a22002411 4500
001 rc\574280
005 20260407051753.0
035 _a(NLR Aleph) 005822474
090 _a5494273
_c5494273
100 _a20031121d1987 |||y0rusy50 ca
101 0 _arus
102 _aRU
105 _aa |||||||||
200 1 _aРЕКОМЕНДАЦИИ по применению полимерцементных композиций АЦФ в строительстве
_fГос. ком. УзССР по делам стр-ва, Ташк. ин-т инженеров ж.-д. трансп.
210 _aТашкент
_cГосстрой УзССР
_d1987
215 _a39 с.
_cил.
_d20
320 _aБиблиогр.: с. 34
712 0 2 _aТашкентский институт инженеров железнодорожного транспорта
_3RU\NLR\AUTH\8810021133
_9540260
801 0 _aRU
_bNLR
_gpsbo
801 1 _aRU
_bELAR
_2rusmarc
852 _aNLR
_j89-4/253
942 _cBOOK
980 _aNB